00313nam a22001097a 450000500170000002000180001708200170003510000180005224500650007026000500013530000180018520260624135602.0 a9781009423786 a327.51 ZHA/C aZhang, Ketian aChinas' gambit:bthe calculus of Coercion/cby Ketian Zhang a. - U Kb: Cambridge University pressc, 2024 axiv+231 pages